Tee Ball / (Record no. 1776)

MARC details
000 -LEADER
fixed length control field 01236cam a22003614a 4500
001 - CONTROL NUMBER
control field 1776
003 - CONTROL NUMBER IDENTIFIER
control field FISKH
005 - DATE AND TIME OF LATEST TRANSACTION
control field 20231002140952.0
008 - FIXED-LENGTH DATA ELEMENTS--GENERAL INFORMATION
fixed length control field 110728s2012 nyua j b 001 0 eng
010 ## - LIBRARY OF CONGRESS CONTROL NUMBER
LC control number 2011030956
020 ## - INTERNATIONAL STANDARD BOOK NUMBER
International Standard Book Number 9780531208571 (library binding)
020 ## - INTERNATIONAL STANDARD BOOK NUMBER
International Standard Book Number 0531208575 (library binding)
020 ## - INTERNATIONAL STANDARD BOOK NUMBER
International Standard Book Number 9780531209264 (pbk.)
020 ## - INTERNATIONAL STANDARD BOOK NUMBER
International Standard Book Number 0531209261 (pbk.)
035 ## - SYSTEM CONTROL NUMBER
System control number (OCoLC)ocn745428758
040 ## - CATALOGING SOURCE
Original cataloging agency DLC
Transcribing agency DLC
Modifying agency BTCTA
-- BDX
-- MLY
-- ZQP
-- JP3
-- DLC
Language of cataloging eng
050 00 - LIBRARY OF CONGRESS CALL NUMBER
Classification number GV881.5
Item number .M33 2012
082 00 - DEWEY DECIMAL CLASSIFICATION NUMBER
Classification number 796.357/8
Edition number 23
100 1# - MAIN ENTRY--PERSONAL NAME
Personal name Mara, Wil.
245 10 - TITLE STATEMENT
Title Tee Ball /
Statement of responsibility, etc. by Wil Mara.
260 ## - PUBLICATION, DISTRIBUTION, ETC.
Place of publication, distribution, etc. New York :
Name of publisher, distributor, etc. Scholastic,
Date of publication, distribution, etc. 2012.
300 ## - PHYSICAL DESCRIPTION
Extent 32 pages :
Other physical details color illustrations ;
Dimensions 19 cm.
490 1# - SERIES STATEMENT
Series statement Rookie read about sports
505 ## - FORMATTED CONTENTS NOTE
Formatted contents note H<br/>
520 ## - SUMMARY, ETC.
Summary, etc. Explains the basic rules of tee ball and includes tips on good sportsmanship and nutrition.
521 8# - TARGET AUDIENCE NOTE
Target audience note 410<br/>
Source Lexile<br/>
521 8# - TARGET AUDIENCE NOTE
Target audience note H<br/>
Source Raz-Plus<br/>
650 #0 - SUBJECT ADDED ENTRY--TOPICAL TERM
Topical term or geographic name entry element T-ball
Form subdivision Juvenile literature.
830 #0 - SERIES ADDED ENTRY--UNIFORM TITLE
Uniform title Rookie read-about sports.
906 ## - LOCAL DATA ELEMENT F, LDF (RLIN)
a 7
b cbc
c orignew
d 1
e ecip
f 20
g y-gencatlg
942 ## - ADDED ENTRY ELEMENTS (KOHA)
Source of classification or shelving scheme Dewey Decimal Classification
Koha item type Books
Suppress in OPAC No
Holdings
Withdrawn status Lost status Source of classification or shelving scheme Damaged status Not for loan Collection Home library Current library Shelving location Date acquired Total Checkouts Full call number Barcode Date last seen Date last checked out Copy number Price effective from Koha item type
    Dewey Decimal Classification     Non-Fiction Footprints International School Library Network Toul Kork Campus Footprints International School Library Network Toul Kork Campus TK Primary Library Room(4th Floor), Bookcase 1&2, Shelves 1-16, Dark Blue Books 09/29/2023 2 MAR 796.357 GV881.5 FISBK02103 04/09/2025 04/02/2025 1 09/29/2023 Books
    Dewey Decimal Classification     Non-Fiction Footprints International School Library Network Toul Kork Campus Footprints International School Library Network Toul Kork Campus TK Primary Library Room(4th Floor), Bookcase 1&2, Shelves 1-16, Dark Blue Books 09/29/2023 1 MAR 796.357 GV881.5 FISBK02104 10/09/2024 09/18/2024 2 09/29/2023 Books